000 00405nmm a2200157Ia 4500
008 251105s9999||||xx |||||||||||||||||und||
041 _aspa
100 _aJames, Judith
245 0 _aLa cortesana del rey
264 _a[Madrid, España] :
_bHarlequin,
_c2012
300 _a352 páginas
490 _aHQN
650 _aRomance
856 _uhttps://public.digitaliapublishing.com/a/50195
942 _cCF
999 _c99569
_d99569